| 000 | 01700nam a2200337 a 4500 | ||
|---|---|---|---|
| 003 | OSt | ||
| 005 | 20240429115015.0 | ||
| 007 | cr ||||||a|c|a | ||
| 008 | 240426s2023 mx a|||fom||| 001 0 spa d | ||
| 040 | _erda | ||
| 100 | 1 |
_9189036 _aOltehua Cruz, Ulises |
|
| 245 | 1 | 0 |
_aEstimación de los indicadores de impacto ambiental de rastrojo de maíz tratado con tres especies de Pleurotus y cinética de fermentación ruminal in vitro / _cpor Ulises Oltehua Cruz; director de tesis José Guadalupe Martínez Martínez; secretario Luis Alberto Miranda Romero; vocal Carlos Sánchez del Real; suplente Antonia González Embarcadero; suplente Agustín Ruíz Flores. |
| 264 | 1 |
_aChapingo, México : _bEl autor, _c2023. |
|
| 300 |
_a1 recurso en línea (66 páginas): _bcuadros, figuras. |
||
| 336 |
_2rdacontent _atexto _btxt |
||
| 337 |
_2rdamedia _acomputadora _bc |
||
| 338 |
_2rdacarrier _arecurso en línea _bcr |
||
| 502 |
_bIAEZ _cZootecnía _gLIC _d2023. |
||
| 504 | _aIncluye referencias bibliográficas: páginas 47-51. | ||
| 650 | 4 |
_9189037 _aPleurotus _xEfecto en maíz |
|
| 650 | 4 |
_9145874 _aGases de fermentación |
|
| 650 | 4 |
_9189038 _aMaíz forrajero _xDigestibilidad |
|
| 650 | 4 |
_9138427 _aFermentación ruminal |
|
| 700 | 1 |
_9126817 _aMartínez Martínez, José Guadalupe _eDirector de tesis. |
|
| 700 | 1 |
_976103 _aMiranda Romero, Luis Alberto _eSecretario. |
|
| 700 | 1 |
_9107464 _aSánchez del Real, Carlos _eVocal. |
|
| 700 | 1 |
_948874 _aGonzález Embarcadero, Antonia _eSuplente. |
|
| 700 | 1 |
_9100671 _aRuiz Flores, Agustín _eSuplente. |
|
| 856 |
_uhttp://10.13.5.2/tesis/tl/1411811-6_OLTEHUA_CRUZ_ULISES.pdf _zDESCARGAR PDF |
||
| 942 |
_2Clasificación Universidad Autónoma Chapingo _cTD |
||
| 999 |
_c219888 _d219888 |
||